<?xml version="1.0" encoding="UTF-8"?>
<record
    xmlns:xsi="http://www.w3.org/2001/XMLSchema-instance"
    xsi:schemaLocation="http://www.loc.gov/MARC21/slim http://www.loc.gov/standards/marcxml/schema/MARC21slim.xsd"
    xmlns="http://www.loc.gov/MARC21/slim">

  <leader>01164nam a22002537a 4500</leader>
  <controlfield tag="005">20110712113829.0</controlfield>
  <controlfield tag="008">110712t        xxu||||| |||| 00| 0 mar d</controlfield>
  <datafield tag="010" ind1=" " ind2=" ">
    <subfield code="a">MAR-21073</subfield>
  </datafield>
  <datafield tag="020" ind1=" " ind2=" ">
    <subfield code="c">125.00</subfield>
    <subfield code="a">9789380700007</subfield>
  </datafield>
  <datafield tag="035" ind1=" " ind2=" ">
    <subfield code="a">MR-13731</subfield>
  </datafield>
  <datafield tag="037" ind1=" " ind2=" ">
    <subfield code="b">DBAD/PUB</subfield>
  </datafield>
  <datafield tag="040" ind1=" " ind2=" ">
    <subfield code="a">DPL</subfield>
    <subfield code="b">MR</subfield>
  </datafield>
  <datafield tag="082" ind1=" " ind2=" ">
    <subfield code="a">891.461</subfield>
  </datafield>
  <datafield tag="100" ind1=" " ind2=" ">
    <subfield code="a">&#x935;&#x93F;&#x938;&#x92A;&#x941;&#x924;&#x947;,&#x917;&#x923;&#x947;&#x936;</subfield>
    <subfield code="9">29492</subfield>
  </datafield>
  <datafield tag="245" ind1=" " ind2=" ">
    <subfield code="a">&#x906;&#x935;&#x93E;&#x91C; &#x928;&#x937;&#x94D;&#x91F; &#x939;&#x94B;&#x924; &#x928;&#x93E;&#x939;&#x940;&#x924; /</subfield>
    <subfield code="c">&#x917;&#x923;&#x947;&#x936; &#x935;&#x93F;&#x938;&#x92A;&#x941;&#x924;&#x947;</subfield>
  </datafield>
  <datafield tag="246" ind1=" " ind2=" ">
    <subfield code="a">Awaj Nashta Hot Naheet</subfield>
    <subfield code="b">by Ganesh Visputay</subfield>
  </datafield>
  <datafield tag="260" ind1=" " ind2=" ">
    <subfield code="a">&#x92E;&#x941;&#x902;&#x92C;&#x908;</subfield>
    <subfield code="b">&#x932;&#x94B;&#x915;&#x935;&#x93E;&#x921;&#x94D;.&#x92E;&#x92F; &#x917;&#x943;&#x939;</subfield>
    <subfield code="c">2010</subfield>
  </datafield>
  <datafield tag="270" ind1=" " ind2=" ">
    <subfield code="a">&#x92D;&#x942;&#x92A;&#x947;&#x936; &#x917;&#x941;&#x92A;&#x94D;&#x924;&#x93E; &#x92D;&#x935;&#x928;,85 &#x938;&#x92F;&#x93E;&#x928;&#x940; &#x930;&#x94B;&#x921;.&#x92A;&#x94D;&#x930;&#x92D;&#x93E;&#x926;&#x947;&#x935;&#x940;</subfield>
    <subfield code="b">&#x92E;&#x941;&#x902;&#x92C;&#x908;</subfield>
    <subfield code="e">400025</subfield>
  </datafield>
  <datafield tag="300" ind1=" " ind2=" ">
    <subfield code="a">116&#x92A;&#x943;</subfield>
    <subfield code="b">22&#x938;&#x947;&#x92E;&#x940;(&#x905;&#x91C;&#x93F;&#x932;&#x94D;&#x926;)</subfield>
  </datafield>
  <datafield tag="650" ind1=" " ind2=" ">
    <subfield code="a">&#x92E;&#x930;&#x93E;&#x920;&#x940; &#x915;&#x935;&#x93F;&#x924;&#x93E;&#x938;&#x902;&#x917;&#x94D;&#x930;&#x939;</subfield>
    <subfield code="9">29503</subfield>
  </datafield>
  <datafield tag="650" ind1=" " ind2=" ">
    <subfield code="a">Marathi Poetry</subfield>
    <subfield code="9">29504</subfield>
  </datafield>
  <datafield tag="942" ind1=" " ind2=" ">
    <subfield code="2">ddc</subfield>
    <subfield code="c">MR</subfield>
    <subfield code="h">891.461</subfield>
    <subfield code="m">&#x935;&#x93F;&#x938;&#x92A;&#x941;</subfield>
  </datafield>
  <datafield tag="999" ind1=" " ind2=" ">
    <subfield code="c">53790</subfield>
    <subfield code="d">53790</subfield>
  </datafield>
  <datafield tag="952" ind1=" " ind2=" ">
    <subfield code="0">0</subfield>
    <subfield code="1">0</subfield>
    <subfield code="2">ddc</subfield>
    <subfield code="4">0</subfield>
    <subfield code="7">1</subfield>
    <subfield code="8">NFIC</subfield>
    <subfield code="a">DBAD</subfield>
    <subfield code="b">DBAD</subfield>
    <subfield code="d">2011-07-12</subfield>
    <subfield code="e">DBAD / PUB</subfield>
    <subfield code="g">125.00</subfield>
    <subfield code="l">0</subfield>
    <subfield code="o">891.461 &#x935;&#x93F;&#x938;&#x92A;&#x941;</subfield>
    <subfield code="p">MR-13731</subfield>
    <subfield code="r">2011-07-12 00:00:00</subfield>
    <subfield code="t">1</subfield>
    <subfield code="v">125.00</subfield>
    <subfield code="w">2011-07-12</subfield>
    <subfield code="y">MR</subfield>
  </datafield>
</record>
